Evangelicals at a crossroads (Record no. 235155)
[ view plain ]
| 000 -LEADER | |
|---|---|
| fixed length control field | 01828nam a2200385Ia 4500 |
| 082 04 - DEWEY DECIMAL CLASSIFICATION NUMBER | |
| Classification number | 277.44/61081 |
| 100 1# - MAIN ENTRY--AUTHOR NAME | |
| Personal name | Hartley, Benjamin L. |
| 245 10 - TITLE STATEMENT | |
| Title | Evangelicals at a crossroads |
| 250 ## - EDITION STATEMENT | |
| Edition statement | 1st ed. |
| 260 ## - PUBLICATION, DISTRIBUTION, ETC. (IMPRINT) | |
| Place of publication | Durham, N.H. : |
| Name of publisher | University of New Hampshire Press ; |
| Place of publication | Hanover [N.H.] : |
| Name of publisher | Published by University Press of New England, |
| Year of publication | c2010. |
| 300 ## - PHYSICAL DESCRIPTION | |
| Number of Pages | xi, 288 p. |
| 490 0# - SERIES STATEMENT | |
| Series statement | Revisiting New England : the new regionalism |
| 650 #0 - SUBJECT ADDED ENTRY--TOPICAL TERM | |
| Topical Term | Evangelicalism |
| Topical Term | Evangelicalism |
| Topical Term | Church and social problems |
| Topical Term | Revivals |
| 856 40 - ELECTRONIC LOCATION AND ACCESS | |
| Uniform Resource Identifier | http://site.ebrary.com/lib/rucke/Doc?id=10436225 |
No items available.
